Emanuel Hruška 1906-2006

Podrobná bibliografia
Hlavný autor: Vodrážka, Peter, 1952- (Autor)
Médium: Článok
Jazyk:slovenčina
Fyzický popis:Fotogr., obr.
ISSN:1335-2180
Predmet:

MARC

LEADER 00000nab a2200000 a 4500
001 vtls008703261
003 SK-MaSNL
005 20260304144230.0
008 250505c2006 xo qr|p|||||||000 b|slo
015 |a SNBRB2006/05  |2 snkbucl 
035 |a (uuid)b512c4c6-45aa-4b25-8658-ae5d42d9549a 
035 |a urn:nbn:sk:snk-abx74 
035 |a (urnnbn)urn:nbn:sk:snk:ar-a00rqv 
038 |a SNKBUCL 
040 |a SNKBUCL  |b slo  |c SNKBUCL  |e AACR2 
041 0 |a slo 
044 |a xo  |c SK 
080 |a 72.071.1  |2 2001 
080 |a 929 Hruška, Emanuel  |2 2001 
100 1 |a Vodrážka, Peter,  |d 1952-  |4 aut  |9 219110 
245 1 0 |a Emanuel Hruška  |b 1906-2006  |c Peter Vodrážka 
300 |b Fotogr., obr. 
600 1 7 |a Hruška, Emanuel,  |d 1906-1989  |2 snkbucl  |9 38088 
773 0 |t Projekt  |g Roč. XLVIII, č. 1 (2006), s. 57-60  |x 1335-2180 
850 |a Slovenská národná knižnica 
852 |a Slovenská národná knižnica 
954 |a odborná, vedecká literatúra pôvodná (slovenská)  |2 lita 
958 |a article27 
958 |a CZ 
958 |a BX 
958 |a OND 
958 |a EUIPO 
999 |c 2930085  |d 2932015